MDQL
is popping MORE tags! Check the
thread
!
Quizzes
Events
Quiz Creation
Community
Videos
Private Events
Remove Ads
Sign In
Join for FREE
Feedback
Dark Mode
Quiz Categories
Sports
Geography
Music
Movies
Television
Just For Fun
Miscellaneous
History
Literature
Language
Science
Gaming
Entertainment
Religion
Holiday
For Kids
Quiz Lab
Recent
Popular Today
Quiz Kudos Today
Editor Picks
Curator Picks
Quizzes by...
Day
Popularity
Type
Ratings
Length
Year
Community
Subscriptions
Recent Discussions
Orange Saloon
Badges
Playlists
Quests
Create
Leaderboards
Showdown
Live 5
Trivia Bingo
Activity
Puzzle Library
Sporcle Events
Private Events
Virtual Trivia
Globe League
Become a Host
Pub Owners
SporcleCon
Opinionation
Our Games
Videos
Blog
Mobile Apps
Partnerships
Remove Ads and Go Orange
Feedback
Entertainment
Celebrity
Famous
Musical
Broadway
Show
Quote
Comic Books
Anime
Superhero
DC Comics
Marvel
Cartoons
Animation
Entertainment
Celebrity
Famous
Musical
Broadway
Show
Quote
Comic Books
Anime
Superhero
DC Comics
Marvel
Cartoons
Animation
Random Quiz
Search Sporcle
×
Quiz Lab
Quiz Lab
Entertainment
Actor
Type in answers that appear in a list
Type in answers that appear in a list
Classic
Best Score? Go Orange.
Nickelodeon Actors/Actresses Stats
Can you name the names of these actor's and actresses of these TV shows?
By
NvjdsIsSmart
8m
28 Questions
241 Plays
241 Plays
241 Plays
Comments
Comments
Give Quiz Kudos
Give Quiz Kudos
-
- Ratings
hide this ad
Replay
Link that replays current quiz
Next Quiz
Link to next quiz in quiz playlist
You Got
0%
They Got
Avg Score
38%
Avg Friend Score
Upgrade to see
Score Distribution
Jump to the score distribution portion of the page
Score
0/28
Timer
08:00
0
Plays Today
Show Name
Answer
% Correct
iCarly
Miranda Cosgrove
87.6%
Victorious
Victoria Justice
74.7%
iCarly
Jennette McCurdy
62.7%
iCarly
Nathan Kress
62.7%
iCarly
Jerry Trainor
62.7%
Victorious
Ariana Grande
62.2%
True Jackson VP
KeKe Palmer
54.8%
Victorious
Leon Thomas III
52.3%
Victorious
Elizabeth Gillies
50.2%
iCarly
Noah Munck
49.4%
Victorious
Daniella Monet
49.4%
Victorious
Avan Jogia
46.9%
Big Time Rush
Carlos Pena
41.9%
Victorious
Matt Bennett
41.9%
Show Name
Answer
% Correct
Big Time Rush
James Maslow
40.7%
Big Time Rush
Kendall Schmidt
39.8%
Big Time Rush
Logan Henderson
37.8%
Big Time Rush
Ciara Bravo
36.5%
True Jackson VP
Ashley Argota
22.4%
Big Time Rush
Tanya Chisholm
19.9%
True Jackson VP
Greg Proops
13.7%
The Troop
Gage Golightly
12.9%
True Jackson VP
Matthew Shivley
12.4%
The Troop
John Marshall Jones
12%
True Jackson VP
Ron Butler
10.8%
The Troop
David Del Rio
10%
The Troop
Nicholas Purcell
9.5%
Big Time Rush
Stephen Kramer Clickman
7.1%
Quiz Playlist
Details
Report
Send in Message
Add To Playlist
Classic:
Type in answers that appear in a list
Last Updated: Feb 16, 2017
Quiz Scoreboard
CHALLENGE
Sign Up to Join the Scoreboard
Show All
Scores
Hide
Comments
May contain spoilers
Recently Published
Image Sorting: Flags VI
by Barbecue
Geography
2m
Find the 'City' Movie
by crazypaving
Movies
60s
Colored Red Africa Blitz
by spor1
Geography
45s
More to Explore
Quiz From the Vault
Featured Blog Post
14 Easter Pick-up Lines to Find Eggs With
hide this ad
You Might Also Like...
Tags
Actor Quiz
Actress Quiz
Play Quiz
Show Quiz
Nickelodeon
Today's Top Quizzes in Entertainment
Browse Entertainment
hide this ad
Today's Top Quizzes in Actor
Browse Actor
Top Contributed Quizzes in Entertainment
1
Marvel Classic Character Map
2
Dragon Ball Z: Goku's Fights in Order
3
Marvel Characters Bunker
4
JoJo's Bizarre Logic Quiz
5
Harry Styles-Are you no.1 fan
6
Sorting Pictures: Villains
7
This is Your Life: Edward Elric
8
Celebrity Spelling Bee
9
This is Your Life: Itachi Uchiha
10
BOYS PLANET Quiz
Explore More
Trending Topics
Marvel
Disney
Harry Potter
Crossword
Kpop
Anime
NBA
Country
Soccer
The Office
Puzzle
WWE
Pokémon
NFL
Song
hide this ad
More By:
NvjdsIsSmart
Quiz
Plays
Rating
Category
Featured
Created
Most Populous States Minefield
658,393
4.26
Geography
Jul 1, 2011
Country by Continent/Beginning Letter
277,729
4.74
Geography
Feb 23, 2011
24 Largest Countries Alphabetically
241,943
3.14
Geography
Aug 19, 2011
Most Populous Country A-Z Minefield
146,650
3.80
Geography
Aug 17, 2011
Least Populous States Minefield
115,629
4.33
Geography
Jul 7, 2011
Go to Creator's Profile
Score Distribution
Quiz Creator Spotlight
NvjdsIsSmart
Follow
Send a Message
Quizzes Created
-
Created Quiz Play Count
-
More By This Creator
Popular Quizzes Today
1
Colored Red Africa Blitz
2
Find the US States - No Outlines Minefield
3
Find the 'City' Movie
4
5x2 Blitz: Bands
5
The Countries of the World
6
Find the US States
7
Find the Countries of Europe - No Outlines Minefield
8
US States
More Entertainment Quizzes
Concentration Click-a-Pic: Entertainment
Published
Trending Quizzes
Colored Red Europe Blitz I
Colored Red Europe Blitz II
Colored Red Africa Blitz II
Colored Red Europe Blitz III
Colored Red Africa Blitz III
Recently Updated
How Do You Spell That?
pecheneg
Godzilla Movies
pecheneg
Grab Bag: 4-10 Letters
pecheneg
2024 March Madness Bracket
pecheneg
Famous TV Couples
Peacemaker
Champions League XIs: Real Madrid
pecheneg
Largest US Cities 1790-2010
pecheneg
Rides in Walt Disney World
pecheneg
Most Oscar Losses (Acting)
pecheneg
Beyoncé Albums
pecheneg
Trending Topics
Anime
Kpop
Harry Potter
NBA
Disney
Marvel
Crossword
The Office
Country
Puzzle
Song
Pokémon
NFL
WWE
Soccer
Your Account Isn't Verified!
In order to create a playlist on Sporcle, you need to verify the email address you used during registration. Go to your
Sporcle Settings
to finish the process.
Report this User
Report this user for behavior that violates our
Community Guidelines
.
Details:
Send Report
Go to the Sporcle.com Mobile Site →
Comments